000 00705nam a2200253Ia 4500
003 OSt
005 20220918163422.0
006 a|||||r|||| 00| 0
007 ta
008 220917b |||||||| |||| 00| 0 eng d
020 _a0 7139 0459 3
024 _a20,055
037 _cTextual
040 _aARTS
_cARTS
_beng
041 _2eng
_aeng
082 _aO111,3:gM, L3
100 _aSalaman Esther
_913035
245 0 _aGreat confession
_b From Aksakov and De Quincey to Tolstoy and Proust
260 _aLondon
_bPenguin Press UK
_c1973
300 _a312p.
_ccm.
650 _aENGLISH LITERATURE
942 _hO111,3:gM, L3
_cTEXL
_2CC
999 _c119482
_d119482